| 000 | 01195nac a22003257a 4500 | ||
|---|---|---|---|
| 001 | BR8402266 | ||
| 003 | BR-BrBNA | ||
| 005 | 20240105120014.0 | ||
| 008 | 230509b bl.|||m| |||| 00| 0 por d | ||
| 040 |
_aBR-BrBNA _bpor _cBiblioteca Nacional de Agricultura |
||
| 072 | _aH60 | ||
| 090 | _a0336 BR8402266 | ||
| 100 | 1 | _aGazziero, D.L.P. | |
| 100 | 1 | _aGuimaraes, S.C. | |
| 110 | 1 |
_aCentro Nacional de Pesquisa de Soja, Londrina, PR (Brasil) _91793 |
|
| 245 | 1 | _aDisseminacao das plantas daninhas na cultura da soja cultivada em areas de cerrado [Glycine max, herbicida, controle quimico, Mato Grosso, Brasil] | |
| 246 | 1 | _a[Weed dissemination in soybean crop cultivated in cerrado areas [Glycine max, herbicide, chemical control, Mato Grosso, Brazil]] | |
| 260 | 3 |
_aLondrina, PR (Brasil): _c1984. |
|
| 300 | _a4 p. | ||
| 490 |
_aComunicado Tecnico - Centro Nacional de Pesquisa de Soja (Brazil) _vno. 26 _xISSN 0100-6606 |
||
| 650 | _aSOJA | ||
| 650 | _aERVA DANINHA | ||
| 650 | _aINFESTACAO | ||
| 650 | _aHERBICIDA | ||
| 650 | _aCONTROLE QUIMICO | ||
| 650 | _aCERRADO | ||
| 650 | _aMATO GROSSO | ||
| 909 |
_a202312 _bLúcia Elande _c55 _dLúcia Elande |
||
| 942 |
_2AGRIS _n0 _cMS |
||
| 999 |
_c277475 _d277475 |
||